Sports Quiz

Random Sports or Hockey Quiz

Sports Calendar (Clickable) Quiz Stats

 Plays Quiz not verified by Sporcle

Challenge
Share
Tweet
Score 0/24 Timer 07:00
0 Plays Today
% Correct
January 1
59.9%
Mid to late October; occasionally into November (variable length)
52.1%
Second Monday in January
51.9%
Pretty much all of March
48.6%
First Sunday in February
48%
A Saturday and Monday at the start of April (or very end of March)
41.9%
First Saturday in May
41.5%
Mid thru late January
38.6%
The Sunday before Memorial Day (U.S.)
38.5%
Very late May thru early June (variable length)
35.1%
A Sunday in mid to late February
34.6%
Last week of June thru first week of July
34.1%
% Correct
Early thru mid-June (variable length)
33.9%
A Tuesday in the middle of July
33.8%
Second week of April
33.2%
Most of July
32.5%
Very late August thru mid-September
32.4%
The third Monday of April
29.6%
Last week of May thru first week of June
29.3%
Week ending in Father's Day (U.S.) in June
28.7%
Second week of August
24%
First Sunday in November
23.3%
A week in mid-July
22.7%
Second weekend in June
16.7%

You're not logged in!

Compare scores with friends on all Sporcle quizzes.
Join for Free
OR
Log In

You Might Also Like...

Show Comments

Extras

Top Quizzes Today


Score Distribution

Your Account Isn't Verified!

In order to create a playlist on Sporcle, you need to verify the email address you used during registration. Go to your Sporcle Settings to finish the process.

Report this User

Report this user for behavior that violates our Community Guidelines.

Details: